000 00608nam a2200193 a 4500
001 BRCA_37
005 20190320202844.0
008 930506s1994 enka---##b---#001-0#eng-#
020 _a0415080169
040 _aDLC
_cDLC
_dDLC
050 4 _aAM5
_b.C6 1994
100 1 _aDean, David
_9170
245 1 0 _aMuseum exhibition
_bTheory and Practice
_cDavid Dean.
260 _aLondres ; Nueva York
_bThe Conservation Unit of the Museums & Galleries Commission ; Routledge
_c1994
300 _axi, 177 p.
_bil.
_c26 cm.
504 _aBibliografía: p. 169-172
650 1 4 _aMuseografía
_vExposiciones
_9171
942 _2lcc
_cB
999 _c37
_d37